000 01952nam a2200289Ia 4500
999 _c49228
_d49228
001 16140
003 GE_BSU
005 20241206103043.0
008 181216s2015||||ge |||||||||||||| ||geo||
020 _a9789941210280
040 _cGE_BSU
041 _ageo
080 _a27-36 წ-714
245 _aწმინდა იოანე ნათლისმცემელი ; წმინდა მართა (ლაზარეს და) უფლის 70 მოციქულთავანნი ; მოციქულთა მოწაფენი /
_cშემდგ. სოფიო თავაძე ; გარეკანის დიზაინი ეთერ გზირიშვილი.
264 _aთბილისი :
_bპალიტრა L,
_c2015.
300 _a189 გვ. :
_bილ. ;
_c20 სმ.
490 _aსაქართველოს იმედი II : ყველა წმინდანი, რომელთა შესახებაც უნდა იცოდე, 2298-0547 / პროექტის რედაქტორი თამარ მამაცაშვილი ;
_vწიგნი 20
500 _aიბეჭდება სრ. საქ. კათოლიკოს–პატრიარქის ილია II–ის ლოცვა–კურთხევით
541 _h2ლ.
653 _aრელიგია
653 _aწმინდა იოანე ნათლისმცემელი
653 _aწმინდა მართა (ლაზარეს და) უფლის 70 მოციქულთავანნი
653 _aმოციქულთა მოწაფენი
700 _aთავაძე, სოფიო
_eშემდგენელი
_923878
700 _aგზირიშვილი, ეთერ
_eგარეკანის დიზაინი
_923879
942 _cBK
_2udc